[Event "Kalamazoo op1"]
[Site "Kalamazoo"]
[Date "2003.08.30"]
[Round "3.14"]
[White "Hazzard, William"]
[Black "Purdy, Wayne"]
[Result "1-0"]
[WhiteElo "1622"]
[BlackElo "1430"]
[PlyCount "112"]
[EventDate "2003.08.29"]
[EventType "swiss"]
[EventRounds "7"]
[EventCountry "USA"]
[SourceTitle "EXT 2007"]
[Source "ChessBase"]
[SourceDate "2006.11.23"]
[SourceVersion "1"]
[SourceVersionDate "2006.11.23"]
[SourceQuality "1"]

1. e4 c5 2. Nf3 g6 3. d4 Bg7 4. c3 cxd4 5. cxd4 Nc6 6. Nc3 a6 7. Bc4 e6 8. 0-0 b5 9. Bb3 Bb7 10. Re1 Rc8 11. d5 Ne5 12. Nxe5 Bxe5 13. f4 Bxc3 14. bxc3 Ne7 15. Bb2 Rg8 16. Rc1 Qb6+ 17. Kh1 Qf2 18. dxe6 fxe6 19. Qe2 Qxf4 20. c4 Rf8 21. Kg1 b4 22. Rc2 Bc6 23. Bc1 Qe5 24. Bh6 Rf7 25. Qe3 a5 26. Rf2 Rxf2 27. Qxf2 Qh8 28. Rf1 Kd8 29. Qb6+ Ke8 30. Rf8+ Qxf8 31. Bxf8 Kxf8 32. Qxa5 Bxe4 33. Qxb4 Ke8 34. c5 Bc6 35. Qh4 h5 36. Qf6 Bd5 37. Bxd5 exd5 38. Qd4 Kd8 39. a4 Kc7 40. Qe5+ Kd8 41. Qd6 Rc6 42. Qb8+ Nc8 43. Qb4 Ke8 44. a5 Kd8 45. Kf2 Ne7 46. Qb5 Nc8 47. a6 Rc7 48. Ke3 Ra7 49. Kd4 Rc7 50. h4 Na7 51. Qb6 Nc6+ 52. Kxd5 Ne7+ 53. Kc4 Nc6 54. Kd5 Ne7+ 55. Ke5 Nc6+ 56. Kd6 Ke8 1-0